[Event "Sao Paulo STD U2200 op 5th"]
[Site "Sao Paulo"]
[Date "2019.08.30"]
[Round "1"]
[White "De Menezes, Ricardo Fagner Dias"]
[Black "Kamesu, Oscar Kiyomitsu"]
[Result "0-1"]
[WhiteElo "1665"]
[BlackElo "1801"]
[PlyCount "64"]
[EventDate "2019.08.30"]
[EventType "swiss"]
[EventRounds "6"]
[EventCountry "BRA"]
[SourceTitle "CBM 195 Extra"]
[Source "ChessBase"]
[SourceDate "2020.05.31"]
[SourceVersion "1"]
[SourceVersionDate "2020.05.31"]
[SourceQuality "1"]

1. d4 Nf6 2. e3 d5 3. Nf3 Bg4 4. Be2 e6 5. b3 c5 6. Bb2 Nc6 7. a3 Be7 8. 0-0 0-0 9. Nbd2 Rc8 10. c4 cxd4 11. Nxd4 Bxe2 12. Qxe2 Re8 13. Rfd1 Nxd4 14. Bxd4 Bc5 15. Bxc5 Rxc5 16. b4 Rc8 17. cxd5 Nxd5 18. Nb1 Qf6 19. Ra2 Qg6 20. h3 Rc7 21. Rad2 h6 22. e4 Nf4 23. Qf3 e5 24. Kh2 Rec8 25. Rd8+ Rxd8 26. Rxd8+ Kh7 27. g3 Ne6 28. Rd3 Ng5 29. Qf5 Nxe4 30. Qxe5 Rc2 31. Qb8 Rxf2+ 32. Kg1 Qf5 0-1

[Event "Sao Paulo STD U2200 op 3rd"]
[Site "Sao Paulo"]
[Date "2018.10.13"]
[Round "3"]
[White "Haraguchi, Diego Sashaki"]
[Black "Kamesu, Oscar Kiyomitsu"]
[Result "0-1"]
[WhiteElo "1397"]
[BlackElo "1800"]
[PlyCount "164"]
[EventDate "2018.10.12"]
[EventType "swiss"]
[EventRounds "6"]
[EventCountry "BRA"]
[SourceTitle "EXT 2021"]
[Source "ChessBase"]
[SourceDate "2020.10.23"]
[SourceVersion "1"]
[SourceVersionDate "2020.10.23"]
[SourceQuality "1"]

1. d4 d5 2. c4 e6 3. Nc3 a6 4. a3 Nf6 5. Bg5 Be7 6. Nf3 0-0 7. e3 dxc4 8. Bxc4 b5 9. Bd3 Bb7 10. 0-0 Nbd7 11. Rc1 h6 12. Bxf6 Nxf6 13. Nd2 Rc8 14. Nce4 Nxe4 15. Bxe4 Bxe4 16. Nxe4 Qd5 17. Nc5 Qd6 18. Qf3 e5 19. Nb7 Qf6 20. Qxf6 Bxf6 21. dxe5 Bxe5 22. b4 Bb2 23. Rc2 Bxa3 24. Rb1 a5 25. Ra2 axb4 26. Na5 c5 27. Nb3 Rfd8 28. Rc2 c4 29. Nd4 b3 30. Re2 b4 31. Kf1 Rxd4 32. exd4 c3 33. Rxb3 c2 34. Re1 c1Q 35. Rxc1 Rxc1+ 36. Ke2 Kf8 37. Kd2 Rc6 38. f4 Ke7 39. Kd3 Ke6 40. g4 Kd5 41. g5 h5 42. f5 Rc4 43. g6 fxg6 44. fxg6 Rxd4+ 45. Kc2 Kc4 46. Rh3 h4 47. Rf3 Rg4 48. h3 Rg2+ 49. Kb1 Rxg6 50. Rf4+ Kb3 51. Rf3+ Ka4 52. Rf4 Rh6 53. Rg4 g6 54. Rg5 b3 55. Rg4+ Bb4 56. Kb2 g5 57. Rxg5 Rc6 58. Rg4 Rc2+ 59. Kb1 Ka3 60. Rg8 Ba5 61. Rg4 Rh2 62. Rg1 Rxh3 63. Rc1 Rc3 64. Rh1 h3 65. Ka1 b2+ 66. Kb1 Rc1+ 67. Rxc1 bxc1Q+ 68. Kxc1 h2 69. Kc2 h1Q 70. Kd3 Qc1 71. Ke2 Qe1+ 72. Kf3 Qd1+ 73. Kg2 Qd3 74. Kh1 Qe2 75. Kg1 Bb6+ 76. Kh1 Bc7 77. Kg1 Kb3 78. Kh1 Kc3 79. Kg1 Kd3 80. Kh1 Ke3 81. Kg1 Kf3 82. Kh1 Qg2# 0-1

[Event "Sao Paulo STD U2200 op 3rd"]
[Site "Sao Paulo"]
[Date "2018.10.13"]
[Round "4"]
[White "Ripardo, Paulo Raimundo Volk"]
[Black "Kamesu, Oscar Kiyomitsu"]
[Result "0-1"]
[WhiteElo "1800"]
[BlackElo "1800"]
[PlyCount "130"]
[EventDate "2018.10.12"]
[EventType "swiss"]
[EventRounds "6"]
[EventCountry "BRA"]
[SourceTitle "EXT 2021"]
[Source "ChessBase"]
[SourceDate "2020.10.23"]
[SourceVersion "1"]
[SourceVersionDate "2020.10.23"]
[SourceQuality "1"]

1. Nf3 Nf6 2. g3 d5 3. Bg2 c5 4. e3 Nc6 5. d4 cxd4 6. exd4 Bg4 7. 0-0 e6 8. c3 Be7 9. Bf4 0-0 10. Nbd2 Rc8 11. Qc1 a6 12. a4 Nh5 13. Nb3 Nxf4 14. Qxf4 Bf5 15. h4 Bd6 16. Qd2 Qb6 17. Qd1 Qc7 18. Kh2 Bg4 19. Bh3 Bxh3 20. Kxh3 Ne7 21. Ng5 Qd7 22. Kg2 Nf5 23. Nc5 Bxc5 24. dxc5 Rxc5 25. Nf3 Qd8 26. Qd3 Qc7 27. g4 Nd6 28. h5 Ne4 29. Rac1 Qf4 30. Kh3 Rc4 31. b3 Nxf2+ 32. Rxf2 Qxg4+ 33. Kh2 Qxh5+ 34. Kg1 Rg4+ 35. Rg2 Rxg2+ 36. Kxg2 Qg4+ 37. Kf2 Qf4 38. Re1 h6 39. Qd4 Qxd4+ 40. cxd4 Rc8 41. Re3 Rc2+ 42. Kg3 Kf8 43. Rd3 Ke7 44. Ne1 Rc1 45. Ng2 f6 46. Nf4 g5 47. Ne2 Rc2 48. Nc3 h5 49. a5 f5 50. Nxd5+ exd5 51. Re3+ Kd6 52. Re5 h4+ 53. Kh3 Rc3+ 54. Kh2 g4 55. Rxf5 Rxb3 56. Rf6+ Ke7 57. Rg6 Rb2+ 58. Kh1 g3 59. Rg7+ Kf6 60. Rg8 Kf5 61. Rf8+ Kg4 62. Kg1 h3 63. Rg8+ Kf4 64. Rf8+ Ke4 65. Rg8 Rb1# 0-1